书目信息 |
| 题名: |
中国中心城市文化消费需求景气评价报告
|
|
| 作者: | 王亚南 , 高书生 主编 | |
| 分册: | 2013 | |
| 出版信息: | 北京 社会科学文献出版社 2013 |
|
| 页数: | 363页 | |
| 开本: | 24cm | |
| 丛书名: | 皮书系列 | |
| 单 册: | ||
| 中图分类: | G124 | |
| 科图分类: | ||
| 主题词: | 城市文化--消费--顾客需求--研究报告--中国--2013 , 城市文化 , 消费 , 顾客需求 | |
| 电子资源: | ||
| ISBN: | 978-7-5097-4604-2 | |
| 000 | 01388oam2 2200325 450 | |
| 001 | 523 | |
| 005 | 20140909170807.34 | |
| 010 | @a978-7-5097-4604-2@dCNY79.00 | |
| 100 | @a20130620d2013 em y0chiy50 ea | |
| 101 | 0 | @achi@deng@eeng |
| 102 | @aCN@b110000 | |
| 105 | @ay z 000yy | |
| 106 | @ar | |
| 200 | 1 | @a中国中心城市文化消费需求景气评价报告@AZhong Guo Zhong Xin Cheng Shi Wen Hua Xiao Fei Xu Qiu Jing Qi Ping Jia Bao Gao@h2013@dAnnual evaluation report of China's cultural consumption demand in key cities@h2013@f王亚南,高书生主编@FWang Ya Nan, Gao Shu Sheng Zhu Bian@zeng |
| 210 | @a北京@c社会科学文献出版社@d2013 | |
| 215 | @a363页@d24cm | |
| 225 | 2 | @a皮书系列 |
| 300 | @a文化蓝皮书 2013版 | |
| 330 | @a本书选取了35个中心城市,利用“文化消费景气评价体系”,对各个城市的文化消费状况进行了测算。全书内容包括“总报告”、“综合分析与评价”、“东北地区”、“东部地区”、“中部地区”、“西部地区”六个部分。 | |
| 461 | 0 | @12001 @a皮书系列 |
| 510 | 1 | @aAnnual evaluation report of China's cultural consumption demand in key cities@h2013@zeng |
| 606 | 0 | @a城市文化@x消费@x顾客需求@x研究报告@y中国@z2013 |
| 606 | 0 | @a城市文化 |
| 606 | 0 | @a消费 |
| 606 | 0 | @a顾客需求 |
| 690 | @aG124@v5 | |
| 701 | 0 | @a王亚南@AWang Ya Nan@f(1956~)@4主编 |
| 701 | 0 | @a高书生@AGao Shu Sheng@f(1961~)@4主编 |
| 801 | 0 | @aCN@bTANGWEI@c20140603 |
| 905 | @b0837691-93@dG124@e133@f3 | |
| 中国中心城市文化消费需求景气评价报告.2013=Annual evaluation report of China's cultural consumption demand in key cities.2013/王亚南,高书生主编.-北京:社会科学文献出版社,2013 |
| 363页;24cm.-(皮书系列) |
| 文化蓝皮书 2013版 |
| ISBN 978-7-5097-4604-2:CNY79.00 |
| 本书选取了35个中心城市,利用“文化消费景气评价体系”,对各个城市的文化消费状况进行了测算。全书内容包括“总报告”、“综合分析与评价”、“东北地区”、“东部地区”、“中部地区”、“西部地区”六个部分。 |
| ● |
| 相关链接 |
|
|
|
|
正题名:中国中心城市文化消费需求景气评价报告
索取号:G124/133
 
预约/预借
| 序号 | 登录号 | 条形码 | 馆藏地/架位号 | 状态 | 备注 |
| 1 | 0837691 | 208376915 | 第一样本阅览室/ [索取号:G124/133] | 在馆 | |
| 2 | 0837692 | 208376924 | 第四借阅区/ [索取号:G124/133] | 在馆 | |
| 3 | 0837693 | 208376933 | 第四借阅区/ [索取号:G124/133] | 在馆 |